00333nam a2200133Ia 4500008004100000020001500041041000800056082001700064100002100081245003700102250000600139260004000145300001400185210716s1996 xx 000 0 und d a0471310646 aeng a519.535 SHAS aSharma, Subhash. aApplied multivariate techniques. a1 aNew YorkbJohn Wiley and Sonsc1996 axviii,493